000 00373nam a2200157 i 4500
001 bg
245 0 _aDrgania i hałas :
_bmetody badań.
260 _aWarszawa,
_c1967.
650 9 _aHałas
_xbadanie
_xmetody
650 9 _aDrgania
_xbadanie
040 _cBPK
041 _apol
080 _a613.6:534.8:628.5
942 _cKS
008 s pl f |000 0 pol
999 _c19748
_d19748
856 _uhttp://koha.tu.koszalin.pl/cgi-bin/koha/opac-detail.pl?biblionumber=19748
_yKatalog online BPK